Memoria de los trabajos realizados durante la primera legislatura del tercer periodo congresional : (Record no. 102124)

MARC details
000 -LEADER
campo de control de longitud fija 00750nam a2200193 i 4500
001 - NÚMERO DE CONTROL
campo de control 102124
003 - IDENTIFICADOR DE NÚMERO DE CONTROL
campo de control ES-MaACL
005 - FECHA Y HORA DE LA ÚLTIMA TRANSACCIÓN
campo de control 20230906183040.0
007 - CAMPO FIJO DE DESCRIPCIÓN FÍSICA--INFORMACIÓN GENERAL
campo de control de longitud fija t|
008 - DATOS DE LONGITUD FIJA--INFORMACIÓN GENERAL
campo de control de longitud fija 051103s1906 cu ||||1| spa d
110 1# - ENTRADA PRINCIPAL--NOMBRE DE ENTIDAD CORPORATIVA
Nombre de entidad corporativa o nombre de jurisdicción como elemento de entrada Cuba.
Unidad subordinada Cámara de Representantes.
9 (RLIN) 172964
245 10 - MENCIÓN DEL TÍTULO
Título Memoria de los trabajos realizados durante la primera legislatura del tercer periodo congresional :
Resto del título del 2 de abril de 1906 al 30 de junio de 1906.
260 ## - PUBLICACIÓN, DISTRIBUCIÓN, ETC.
Lugar de publicación, distribución, etc. Habana :
Nombre del editor, distribuidor, etc. [s.n.],
Fecha de publicación, distribución, etc. 1906 (
Fabricante Imp. de Rambla, Bouza y Cª)
300 ## - DESCRIPCIÓN FÍSICA
Extensión 264 p. ;
Dimensiones 23 cm.
500 ## - NOTA GENERAL
Nota general Precede al tít.: República de Cuba. Cámara de Representantes.
610 14 - PUNTO DE ACCESO ADICIONAL DE MATERIA--NOMBRE DE ENTIDAD CORPORATIVA
Nombre de entidad corporativa o nombre de jurisdicción como elemento de entrada Cuba.
Unidad subordinada Cámara de Representantes.
9 (RLIN) 172964
651 #4 - PUNTO DE ACCESO ADICIONAL DE MATERIA--NOMBRE GEOGRÁFICO
Nombre geográfico Cuba-
Subdivisión general Política y gobierno.
9 (RLIN) 8113
852 ## - LOCALIZACIÓN
Ubicación ES-MaACL
Número de control de estantería G-7659
Holdings
Estatus retirado Estado de pérdida Estado de daño No para préstamo Biblioteca de origen Biblioteca actual Ubicación en estantería Fecha de adquisición Fuente de adquisición Total de préstamos Signatura topográfica completa Código de barras Visto por última vez Precio de reemplazo Tipo de ítem Koha
        Biblioteca del Ateneo de Madrid Biblioteca del Ateneo de Madrid Sala Pecera Planta 3 17/01/2008     G-7659 1106609 23/02/2023 23/02/2023 Libro impreso